Ipswich Town Players by Picture #2 - Statistics

General Stats
  • This quiz has been taken 356 times
  • The average score is 14 of 30
Answer Stats
Picture Answer % Correct
Chris Kiwomya
82%
James Scowcroft
74%
Bersant Celina
73%
Brian Talbot
72%
Tommy Smith
69%
Jermaine Wright
68%
Russell Osman
68%
Dalian Atkinson
66%
Darren Currie
63%
Alex Mathie
60%
Jason Scotland
60%
Owen Garvan
60%
Frans Thijssen
53%
Neil Thompson
51%
Clive Woods
49%
Sergei Baltacha
49%
Laurie Sivell
47%
Mich d'Avray
43%
Ted Phillips
37%
Robin Turner
35%
DJ Campbell
33%
Kevin Steggles
29%
Trevor Whymark
28%
David Best
23%
Frank Brogan
19%
John Elsworthy
19%
Andy Nelson
14%
Doug Moran
9%
Gerry Baker
3%
Doug Rees
2%
No matching quizzes found
Score Distribution
Percent of People with Each Score
Percentile by Number Answered
Your Score History
You have not taken this quiz